اسيوط من الفتح العثمانى حتى نهاية القرن التاسع عشر الميلادى : (Record no. 66992)
[ view plain ]
| 000 -الفاتح | |
|---|---|
| حقل البيانات ثابتة الطول | 01004nam a2200241 4500 |
| 005 - وقت وتاريخ اخر تعامل مع التسجيلة | |
| رقم الضبط | 20240530110951.0 |
| 008 - عناصر البيانات ثابتة الطول - معلومات عامة | |
| حقل البيانات ثابتة الطول | 221212s2022 ua acf f b 000 0 ara d |
| 017 ## - رقم الايداع القانونى | |
| رقم الايداع القانونى | 2022/2753 |
| المصدر ( الهيئة المختصة) | مصر. دار الكتب |
| 020 ## - الرقم الدولى المعيارى للكتب | |
| الرقم الدولى المعيارى للكتاب | 978977680976 |
| 040 ## - مصدر الفهرسة | |
| وكالة الفهرسة الأصلية | EG-CaGPL |
| وكالة النسخ | EG-CaGPL |
| 082 04 - رقم تصنيف ديوى العشرى | |
| رقم الطبعة | 21 |
| رقم التصنيف | 962.2 |
| رقم المادة | ق/ض أ |
| 100 0# - المدخل الرئيسى - إسم شخصى | |
| الإسم الشخصى | ضياء محمد جاد الكريم |
| 245 10 - بيان العنوان | |
| العنوان | اسيوط من الفتح العثمانى حتى نهاية القرن التاسع عشر الميلادى : |
| بقية العنوان | دراسة اثرية حضارية / |
| بيان المسئوليه,etc | تاليف ضياء محمد جاد الكريم |
| 250 ## - بيان الطبعة | |
| بيان الطبعة | ط.1 |
| 260 ## - PUBLICATION, DISTRIBUTION, ETC. (IMPRINT) | |
| تاريخ النشر أو التوزيع | 2022. |
| 300 ## - الوصف المادى | |
| التعداد | 338 ص. : |
| تفاصيل ماديه اخرى للوعاء | ايض ؛ |
| أبعاد الوعاء | 24 سم. |
| 504 ## - تبصرة ببليوجرافية | |
| تبصرة ببليوجرافية,الخ | يشتمل على ارجاعات ببليوجرافية |
| 651 07 - المدخل الاضافى بالموضوع - اسم جغرافى | |
| مصدر الرأس أو المصطلح | qrmak |
| الاسم الجغرافي | اسيوط |
| التقسيم الفرعي العام | تاريخ |
| 651 07 - المدخل الاضافى بالموضوع - اسم جغرافى | |
| مصدر الرأس أو المصطلح | qrmak |
| الاسم الجغرافي | اسيوط |
| التقسيم الفرعي العام | محافظة |
| 651 07 - المدخل الاضافى بالموضوع - اسم جغرافى | |
| مصدر الرأس أو المصطلح | qrmak |
| الاسم الجغرافي | اسيوط |
| التقسيم الفرعي العام | اثار |
| 942 ## - عناصر المدخل الإضافي( كوها) | |
| مصدر التصنيف او مخطط الترفيف | Dewey Decimal Classification |
| Koha [default] item type | كتاب |
| 260 ## - PUBLICATION, DISTRIBUTION, ETC. (IMPRINT) | |
| -- | القاهرة : |
| -- | المؤسسة الدولية للكناب، |
| حالة التراجع | حالة الفقد | حالة تلف | ليس للاعارة | المكان المؤقت | الموقع الحالى | موقع الترفيف | تاريخ الاكتساب | اجمالي اﻻعارات | رقم الطلب | الباركود | تاريخ اخر مشاهدة | تاريخ تفعيل السعر | نوع وعاء كوها |
|---|---|---|---|---|---|---|---|---|---|---|---|---|---|
| مكتبة القاهرة الكبرى | مكتبة القاهرة الكبرى | 12/13/2022 | 962.2 ق/ض أ | 169008 | 12/13/2022 | 12/13/2022 | كتاب |

